1092 1783 1325 1331 1913 1022 1959 1444 1785 1426 1238 1919 1396 1970 1410 1478 1464 1982 1325 1940 1347 1742 1774 1401 1948 1906 1975 1457 1800 1163 1434 1713 1903 1688 1007 1466 1590 1661 1393 1922 1891 1526 1651 1236 1410 1661 1040 1743 1068 1171 1057 1431 1845 1009 1155 1579 1758 1911 1088 1860 1546 1343 1895 1529 1516 1039 1338 1220 1563 1421 1161 1764 1105 1328 1821 1693 1708 1953 1121 1565 1182 1211 1074 1704 1662 1354 1125 1743 1792 1425 1258 1980 1153 1568 1413 1914 1738 1116 1556 BCNSPRNW ULIB Ver.6.0+V

เปลี่ยนเป็นภาษาไทย

Change to English
 แสดงรายละเอียดบรรณานุกรม
  กลับหน้าหลัก

Brief Record : Get Marc (ISO 2709) : E-mail record : QR code < ปิดหน้าต่าง
LEADER : 00000nam 2200000uu 4500
001    13399112316
003     ULIB
008    110627s2554||||th 000 0 tha d
020    9786167268361
090    นว.^bพ716ก 2554
100 0  พิมพ์นรา
245 00 กับดักรักละลายใจ/^cพิมพ์นรา
260    กรุงเทพฯ :^bสีม่วงอ่อน,^c2554
300    272 หน้า
710 1  สีม่วงอ่อน
945    ^p229^l0^i030406
995    ทศพร
999 ^a ใช้งานได้ทุกระบบ
รายการนี้ยังไม่มีแท็ก
คุณยังไม่ได้ล็อกอิน คุณสามารถมีกิจกรรมร่วมกับเว็บไซต์ได้ แต่ต้องล็อกอินก่อน ::
  ล็อกอิน

รายการสื่อสารสนเทศ

ลำดับที่ ประเภท เลขเรียก/บาร์โค้ด สถานที่ สถานะ
- ไม่พบข้อมูล -

BibComment


ยังไม่เคยถูกคอมเมนท์

คอมเมนท์ทรัพยากรรายการนี้
  คอมเมนท์: กับดักรักละลายใจ ..


 Copyright 2026. Bcnsprnw @Library